Online
Catalog

2 temas de interés nacional / (Record no. 16632)

MARC details
000 -CABECERA
campo de control de longitud fija 01105nam a2200205 a 4500
001 - NÚMERO DE CONTROL
campo de control 000017106
005 - FECHA Y HORA DE LA ÚLTIMA TRANSACCIÓN
campo de control 20200929165026.0
008 - DATOS DE LONGITUD FIJA--INFORMACIÓN GENERAL
campo de control de longitud fija 100317s1983 dr 001 0 spa d
040 ## - FUENTE DE LA CATALOGACIÓN
Centro catalogador/agencia de origen DO-SdBNP
Lengua de catalogación spa
Centro/agencia transcriptor BNPHU
082 ## - NÚMERO DE LA CLASIFICACIÓN DECIMAL DEWEY
Número de clasificación xxxx
Número de documento/Ítem J254t
049 ## - FONDOS LOCALES (OCLC)
Fondos de biblioteca BNPD
100 1# - ENTRADA PRINCIPAL--NOMBRE DE PERSONA
Nombre de persona viñas Román, Jaime A.
9 (RLIN) 23796
245 10 - MENCIÓN DE TÍTULO
Título 2 temas de interés nacional /
Mención de responsabilidad, etc. Jaime A. Viñas Román.
246 13 - FORMA VARIANTE DE TÍTULO
Título propio/Titulo breve Dos temas de interés nacional
260 ## - PUBLICACIÓN, DISTRIBUCIÓN, ETC.
Lugar de publicación, distribución, etc. Santo Domingo :
Nombre del editor, distribuidor, etc. Asociación de Dominicana de Ingeniero Agronomos,
Fecha de publicación, distribución, etc. 1983.
300 ## - DESCRIPCIÓN FÍSICA
Extensión 41 p. ;
Dimensiones 21 cm.
500 ## - NOTA GENERAL
Nota general Simposio: investigación, extensión y transferencia tecnológica agropecuaria y las universidadas: las propuestas del presidente, celebrado en el recinto Santo Tomás de Aquino
504 ## - NOTA DE BIBLIOGRAFÍA, ETC.
Nota de bibliografía, etc. Incluye bibliografía (p. 40-41)
505 2# - NOTA DE CONTENIDO CON FORMATO
Nota de contenido con formato Ponencia del rector de la Universidad Nacional Pedro Henríquez Ureña /Jaime A. Viñas Román -- Investigación, extensión y capacitación agropecuarias y las universidades: importancia de la propuestas del presidente -- La contaminación ambiental : peligro que nos amenaza a todos -- /Jaime A. Viñas Roman .
Holdings
Estado de retiro Estado de pérdida Restricciones de uso No para préstamo Código de colección Localización permanente Ubicación/localización actual Ubicación en estantería Fecha de adquisición Número de inventario Total de préstamos Signatura topográfica completa Código de barras Fecha visto por última vez Número de copia Precio válido a partir de Tipo de ítem Koha
        Dominicana de Servicio General General En catalogación 19.07.2010 LF1   xxxx J254t 17106-50 25.06.2020 e. 4 25.06.2020 Libro y Folleto Colección Dominicana de Servicio
        Dominicana de Servicio General General En catalogación 19.07.2010 LF1   xxxx J254t 17106-60 25.06.2020 e. 3 25.06.2020 Libro y Folleto Colección Dominicana de Servicio
      Excluido de préstamo Patrimonio Dominicano Patrimonio Dominicano Patrimonio Dominicano En catalogación 17.03.2010 LF1   xxxx J254t 17106-10 25.06.2020   25.06.2020 Libro y Folleto Colección Patrimonio Dominicano
      Excluido de préstamo Patrimonio Dominicano Patrimonio Dominicano Patrimonio Dominicano En catalogación 17.03.2010 LF1   xxxx J254t 17106-20 25.06.2020 e. 2 25.06.2020 Libro y Folleto Colección Patrimonio Dominicano

Powered by Koha